000
00256cam a2200121ua 4500
003
OSt
008
231113b |||||||| |||| 00| 0 eng d
041
_a
mal
082
_a
894.812301
_b
KIS/BA
245
_a
Badampazhanghal /
300
_a
68 ; .
942
_c
BK
999
_c
12355
_d
12355